000 00808nam a22002177a 4500
999 _c11137
_d11137
003 AR-CdUCM
008 190403b ||||| |||| 00| 0 spa d
040 _aMUNICIPALIDAD PROVINCIAL DEL CUSCO
_cBIBLIOTECA MUNICIPAL DEL CUSCO
082 _aEP / 373.700 /
_bV19
100 _aValderrama Perez, Margarita
_928324
245 _aDivertida educación para el trabajo :
_bMas de cien utiles proyectos para todos los grados de educación secundaria y para decorar el hogar /
260 _aLima :
_bNavarrete,
300 _a191 paginas ;
_bIlustraciones, graficos, dibujos, retratos,
_c14 cm.
500 _aEducación para el trabajo
650 _aEducación
_9460
650 _aTrabajo
_94726
650 _aTexto escolar
_92070
650 _aCuaderno de estudio
_928325
942 _2ddc
_cLIBROS
945 _apjha